000 01643nam0a22003731 4500
001 RU\NLR\INFOCOMM_161\5000033348
005 20250613090900.0
035 _a(NLR Aleph) 009083566
090 _a7997361
_c7997361
100 _a20081205d1982 |||y0rusy50 ca
101 0 _aeng
_drus
102 _aRU
105 _aa z 000zy
200 1 _aMultiple hadron production in parton QCD jets
_fYa. I. Azimov, Yu. L. Dokshitzer a. V. A. Khoze
210 _aLeningrad
_cЛИЯФ
_d1982
215 _a27 с.
_cграф.
_d20 см
225 1 _aAcademy of sciences of the USSR, Leningrad nuclear physics institute
_v776
300 _aНа обороте тит. л.: Множественное образование адронов в партонных КХД струях / Я. И. Азимов, Ю. Д. Докшицер, В. А. Хозе
300 _aНа обл. надзаг. на рус. яз.
300 _aРез. на рус. яз.
320 _aБиблиогр.: с. 26-27
517 1 _aМножественное образование адронов в партонных КХД струях
606 _aАдроны
_xМножественное рождение
_2nlr_sh1
686 _aВ382.145
_2rubbk
686 _aВ382.36
_2rubbk
700 1 _aAzimov
_bJ. I.
_f1938-
_gJakov Isaakovič
_4070
701 1 _aDokšicer
_bJ. L.
_gJurij L'vovič
_4070
701 1 _4070
_7ba
_8rus
_aChoze
_bV. A.
_cд-р физ.-мат. наук
_f1943-
_gValerij Anatol'evič
_9237560
_3RU\NLR\AUTH\770237616
801 1 _aRU
_bNLR
_c20081205
801 0 _aRU
_bNLR
_gPSBO
852 _aNLR
_jФз01 Д-4/1972
942 _cBOOK
980 _aNB